[Event "MCRE_KT14"]
[Site "?"]
[Date "2005.??.??"]
[Round "1"]
[White "Fric, Pavel"]
[Black "Novak, Vaclav"]
[Result "1-0"]
[WhiteElo "2000"]
[BlackElo "1977"]
[PlyCount "69"]
[EventDate "2005.??.??"]
[EventType "corr"]
[EventRounds "2"]
[SourceDate "2006.01.09"]

1. e4 c5 2. Nf3 Nc6 3. d4 cxd4 4. Nxd4 d6 5. Nc3 Nf6 6. Bg5 e6 7. Qd2 a6 8.
O-O-O Bd7 9. f3 Be7 10. h4 h6 11. Be3 h5 12. Kb1 Ne5 13. Bd3 b5 14. Nce2 Nc4
15. Bxc4 bxc4 16. Nc3 Rb8 17. Ka1 Qb6 18. Rb1 Qc7 19. Nde2 a5 20. Rhd1 a4 21.
a3 Rb7 22. Bf4 Rb6 23. Qe3 e5 24. Bg5 Ra6 25. Bxf6 Bxf6 26. Nd5 Qd8 27. g3 Be6
28. Nec3 O-O 29. Nb4 Ra8 30. Ncd5 Kh7 31. Nxf6+ gxf6 32. f4 Bg4 33. Rd2 Kg7 34.
Rf1 Rc8 35. Nd5 1-0

[Event "MCRE_KT14"]
[Site "?"]
[Date "2005.??.??"]
[Round "2"]
[White "Novak, Vaclav"]
[Black "Fric, Pavel"]
[Result "0-1"]
[WhiteElo "1977"]
[BlackElo "2000"]
[PlyCount "68"]
[EventDate "2005.??.??"]
[EventType "corr"]
[EventRounds "2"]
[SourceDate "2006.01.09"]

1. e4 c5 2. Nf3 d6 3. d4 cxd4 4. Nxd4 Nf6 5. Nc3 a6 6. f3 e6 7. Be3 b5 8. g4
Nfd7 9. Qd2 Nb6 10. O-O-O N8d7 11. Ndxb5 axb5 12. Nxb5 Be7 13. Nxd6+ Kf8 14.
Kb1 Qc7 15. Bb5 Ba6 16. Bxd7 Nxd7 17. Nxf7 Kxf7 18. Qxd7 Qa5 19. Qd2 Qa4 20. b3
Rhb8 21. Qd4 Bc4 22. Qb2 Ba3 23. Qc3 Rb7 24. Bd4 Bf8 25. Qb2 Qa6 26. Rhe1 Ba3
27. Qa1 Bb4 28. Bxg7 Bxe1 29. Rxe1 Bxb3 30. Qf6+ Kg8 31. axb3 Rxb3+ 32. Kc1 Rc8
33. Rd1 Qb6 34. Rd4 Rb2 0-1

[Event "MCRE_KT14"]
[Site "?"]
[Date "2005.??.??"]
[Round "1"]
[White "Fric, Pavel"]
[Black "Kratochvil, Jan"]
[Result "1-0"]
[WhiteElo "2000"]
[BlackElo "1841"]
[PlyCount "53"]
[EventDate "2005.??.??"]
[EventType "corr"]
[EventRounds "2"]
[SourceDate "2006.01.09"]

1. d4 d5 2. c4 Nf6 3. Nc3 dxc4 4. Nf3 Nd5 5. e4 Nxc3 6. bxc3 Be6 7. Rb1 b6 8.
Ng5 Qc8 9. f4 f5 10. d5 Bd7 11. Bxc4 fxe4 12. d6 e6 13. f5 cxd6 14. Qh5+ g6 15.
fxg6 Bg7 16. gxh7+ Kd8 17. Nxe6+ Bxe6 18. Qg5+ Kc7 19. Qxg7+ Nd7 20. Bxe6 Qe8
21. Bh3 Kc6 22. O-O Nc5 23. Rf7 Qb8 24. c4 a6 25. Qd4 b5 26. Ba3 Kb6 27. Bxc5+
1-0

[Event "MCRE_KT14"]
[Site "?"]
[Date "2005.??.??"]
[Round "2"]
[White "Kratochvil, Jan"]
[Black "Fric, Pavel"]
[Result "0-1"]
[WhiteElo "1841"]
[BlackElo "2000"]
[PlyCount "80"]
[EventDate "2005.??.??"]
[EventType "corr"]
[EventRounds "2"]
[SourceDate "2006.01.09"]

1. e4 c5 2. Nc3 d6 3. Nf3 e6 4. Bc4 Nf6 5. d4 cxd4 6. Nxd4 a6 7. Bg5 b5 8. Be2
Be7 9. Bf3 Nfd7 10. Bxe7 Qxe7 11. O-O O-O 12. a4 b4 13. Na2 a5 14. c3 Ba6 15.
Be2 bxc3 16. Nxc3 Nc5 17. f3 Rd8 18. Rb1 Qc7 19. b4 axb4 20. Ncb5 Qb6 21. Kh1
b3 22. Bc4 Nc6 23. Nxc6 Qxc6 24. Bxb3 Rab8 25. Nd4 Qc7 26. Rf2 Bd3 27. Rbb2
Rdc8 28. Rfd2 Qa5 29. h3 Rb4 30. Nc2 Bxc2 31. Qxc2 Rcb8 32. Qc3 Qb6 33. Bd1
Rxb2 34. Rxb2 Qxb2 35. Qe3 Qa1 36. Kh2 Qxd1 37. a5 Rb2 38. Qg5 h6 39. Qg4 Nd3
40. e5 Ne1 0-1

[Event "MCRE_KT14"]
[Site "?"]
[Date "2005.??.??"]
[Round "1"]
[White "Fric, Pavel"]
[Black "Martinec, Jan"]
[Result "1-0"]
[WhiteElo "2000"]
[BlackElo "1738"]
[PlyCount "57"]
[EventDate "2005.??.??"]
[EventType "corr"]
[EventRounds "2"]
[SourceDate "2006.01.09"]

1. e4 e5 2. Nf3 Nc6 3. d4 exd4 4. Nxd4 Qh4 5. Nc3 Bb4 6. Be2 Qxe4 7. Ndb5 Bxc3+
8. bxc3 Kd8 9. O-O Nge7 10. Re1 a6 11. Nd4 Nxd4 12. cxd4 Qh4 13. Bf3 Nf5 14.
Bb2 Re8 15. Qd2 Nd6 16. d5 f6 17. Rxe8+ Kxe8 18. Re1+ Kf7 19. Qe3 b5 20. Qe7+
Kg6 21. Be2 Qb4 22. Bd3+ Kh5 23. Re5+ fxe5 24. Qxe5+ g5 25. Bg6+ Kxg6 26. Qg7+
Kf5 27. Qf6+ Kg4 28. Qf3+ Kh4 29. Qh3# 1-0

[Event "MCRE_KT14"]
[Site "?"]
[Date "2005.??.??"]
[Round "2"]
[White "Martinec, Jan"]
[Black "Fric, Pavel"]
[Result "0-1"]
[WhiteElo "1738"]
[BlackElo "2000"]
[PlyCount "114"]
[EventDate "2005.??.??"]
[EventType "corr"]
[EventRounds "2"]
[SourceDate "2006.01.09"]

1. e4 c5 2. Nf3 Nc6 3. d4 cxd4 4. Nxd4 Nf6 5. Nc3 e5 6. Ndb5 d6 7. Bg5 a6 8.
Na3 b5 9. Bxf6 gxf6 10. Nd5 Bg7 11. Bd3 Ne7 12. Nxe7 Qxe7 13. O-O O-O 14. c4 f5
15. Qf3 bxc4 16. Nxc4 d5 17. exd5 e4 18. Qe3 Bb7 19. d6 Qf6 20. Bc2 f4 21. Qh3
Rac8 22. b3 Qg5 23. d7 Rc6 24. Bxe4 Rh6 25. Qf5 Qh4 26. h3 Rh5 27. Qg4 Bxe4 28.
Qxh4 Rxh4 29. Rad1 Rd8 30. Nd6 f5 31. f3 Ba8 32. Nxf5 Rh5 33. Nxg7 Kxg7 34. Rd6
Bb7 35. Rfd1 Rh6 36. R6d4 Rf6 37. a4 Kf7 38. Kf2 Bc6 39. Rd6 Re6 40. R1d4 Ke7
41. Rxe6+ Kxe6 42. Rc4 Kd5 43. Rxf4 Rxd7 44. Rh4 Re7 45. Rh5+ Kd4 46. Rh6 Rc7
47. Re6 Kc3 48. Re3+ Kb4 49. g4 Bd5 50. f4 a5 51. f5 Bxb3 52. f6 Kxa4 53. h4
Kb4 54. g5 a4 55. Re4+ Kc3 56. Re3+ Kb2 57. Re2+ Bc2 0-1

[Event "MCRE_KT14"]
[Site "?"]
[Date "2005.??.??"]
[Round "1"]
[White "Fric, Pavel"]
[Black "Chlubna, Josef"]
[Result "1-0"]
[WhiteElo "2000"]
[BlackElo "1668"]
[PlyCount "48"]
[EventDate "2005.??.??"]
[EventType "corr"]
[EventRounds "2"]
[SourceDate "2006.01.09"]

1. e4 e5 2. Nf3 Nc6 3. d4 exd4 4. Nxd4 Nf6 5. Nxc6 dxc6 6. Bd3 Be7 7. O-O h6 8.
Nc3 Bc5 9. e5 Ng4 10. Qe2 Qh4 11. h3 Nxf2 12. Rxf2 Qg3 13. Ne4 Bxf2+ 14. Qxf2
Qxf2+ 15. Kxf2 O-O 16. Bf4 Re8 17. g4 Be6 18. Nc5 Bc8 19. Be4 a5 20. a4 Ra7 21.
Rd1 Rf8 22. Kg3 f5 23. exf6 Rxf6 24. Bxc7 Be6 1-0

[Event "MCRE_KT14"]
[Site "?"]
[Date "2005.??.??"]
[Round "2"]
[White "Chlubna, Josef"]
[Black "Fric, Pavel"]
[Result "0-1"]
[WhiteElo "1668"]
[BlackElo "2000"]
[PlyCount "46"]
[EventDate "2005.??.??"]
[EventType "corr"]
[EventRounds "2"]
[SourceDate "2006.01.09"]

1. d4 d5 2. Nc3 Nf6 3. Nf3 Bf5 4. h3 e6 5. a3 Nbd7 6. Bg5 c6 7. e3 Bd6 8. Bd3
Qc7 9. Qe2 Ne4 10. Bxe4 dxe4 11. Nh4 h6 12. Bf4 Bxf4 13. Nxf5 exf5 14. exf4
Qxf4 15. g3 Qg5 16. Rd1 O-O-O 17. O-O Nf6 18. Qd2 Qh5 19. Kg2 g5 20. Qe2 Qg6
21. Rd2 f4 22. f3 e3 23. Qxe3 fxe3 0-1

[Event "MCRE_KT14"]
[Site "?"]
[Date "2005.??.??"]
[Round "1"]
[White "Fric, Pavel"]
[Black "Tunega, Frantisek"]
[Result "1-0"]
[WhiteElo "2000"]
[BlackElo "1600"]
[PlyCount "59"]
[EventDate "2005.??.??"]
[EventType "corr"]
[EventRounds "2"]
[SourceDate "2006.01.09"]

1. d4 Nf6 2. c4 g6 3. Nc3 d6 4. e4 Bg7 5. f3 O-O 6. Be3 e5 7. d5 c6 8. Qd2 cxd5
9. cxd5 Nh5 10. g4 Nf4 11. Nge2 Nxe2 12. Bxe2 Qh4+ 13. Bf2 Qd8 14. h4 Bf6 15.
O-O-O Nd7 16. g5 Bg7 17. h5 a6 18. Rdg1 b5 19. Kb1 Bb7 20. Be3 b4 21. Na4 Qa5
22. b3 Rfc8 23. Bd3 Rab8 24. Rh3 Rc7 25. hxg6 fxg6 26. Rgh1 Bc8 27. Rxh7 Nf8
28. Qh2 Nxh7 29. Qxh7+ Kf8 30. Qxg6 1-0

[Event "MCRE_KT14"]
[Site "?"]
[Date "2005.??.??"]
[Round "2"]
[White "Tunega, Frantisek"]
[Black "Fric, Pavel"]
[Result "0-1"]
[WhiteElo "1600"]
[BlackElo "2000"]
[PlyCount "86"]
[EventDate "2005.??.??"]
[EventType "corr"]
[EventRounds "2"]
[SourceDate "2006.01.09"]

1. e4 c5 2. c3 d5 3. exd5 Qxd5 4. d4 Nf6 5. Nf3 Bg4 6. Be2 e6 7. O-O Nc6 8. h3
Bh5 9. Be3 cxd4 10. Nxd4 Bxe2 11. Qxe2 Be7 12. Nb5 Qe5 13. f4 Qb8 14. Nd2 O-O
15. Rad1 Rd8 16. Nf3 Nd5 17. Nbd4 Nxf4 18. Qf2 Nd5 19. Bg5 Nf6 20. Nxc6 bxc6
21. Nd4 Qb6 22. Be3 c5 23. Nb3 Rxd1 24. Rxd1 Qb5 25. Bg5 c4 26. Bxf6 Bxf6 27.
Nd4 Qa6 28. a3 Rd8 29. Re1 h5 30. Nf3 Qb7 31. Kh1 Rd3 32. a4 a5 33. Re2 Qc6 34.
Kh2 Rd1 35. Qa7 h4 36. Qb8+ Bd8 37. Re1 Kh7 38. Qa7 Rxe1 39. Nxe1 Qd6+ 40. Kh1
Qd1 41. Qf2 Kg8 42. Kg1 Qxa4 43. Qd4 Bf6 0-1

[Event "MCRE_KT14"]
[Site "?"]
[Date "2005.??.??"]
[Round "1"]
[White "Novak, Vaclav"]
[Black "Kratochvil, Jan"]
[Result "1-0"]
[WhiteElo "1977"]
[BlackElo "1841"]
[PlyCount "85"]
[EventDate "2005.??.??"]
[EventType "corr"]
[EventRounds "2"]
[SourceDate "2006.01.09"]

1. d4 d5 2. c4 Nf6 3. Nc3 dxc4 4. e4 e5 5. Nf3 exd4 6. Nxd4 c5 7. Ndb5 Qxd1+ 8.
Kxd1 Na6 9. Bxc4 Be7 10. Nd5 Nxd5 11. exd5 O-O 12. Bf4 Bg4+ 13. f3 Bd7 14. Re1
Bf6 15. Nd6 Bxb2 16. Rb1 Bc3 17. Re7 Ba4+ 18. Ke2 Nb4 19. Rxb7 Bd4 20. Kd2 a5
21. a3 Nc2 22. Bb5 Nxa3 23. Bxa4 Nxb1+ 24. Rxb1 f6 25. Nc4 Rf7 26. d6 g5 27.
Be3 Rfa7 28. Bxd4 cxd4 29. Kd3 Kf7 30. d7 Ra6 31. Rb7 Rd8 32. Nb6 Ke7 33. Kxd4
h5 34. Kd5 f5 35. Bb5 Rxb6 36. Rxb6 Rxd7+ 37. Bxd7 Kxd7 38. Ra6 g4 39. Rxa5
gxf3 40. Ra7+ Kd8 41. gxf3 Ke8 42. Kd6 h4 43. f4 1-0

[Event "MCRE_KT14"]
[Site "?"]
[Date "2005.??.??"]
[Round "2"]
[White "Kratochvil, Jan"]
[Black "Novak, Vaclav"]
[Result "0-1"]
[WhiteElo "1841"]
[BlackElo "1977"]
[PlyCount "96"]
[EventDate "2005.??.??"]
[EventType "corr"]
[EventRounds "2"]
[SourceDate "2006.01.09"]

1. e4 e5 2. Nf3 Nc6 3. Bc4 Nf6 4. d3 Be7 5. Nc3 d6 6. Nd5 O-O 7. Nxe7+ Qxe7 8.
Be3 Bg4 9. h3 Bd7 10. Qd2 a6 11. O-O-O Be6 12. Qc3 Rfd8 13. Bxe6 Qxe6 14. Kb1
d5 15. exd5 Nxd5 16. Qb3 a5 17. c4 Ndb4 18. Rhe1 e4 19. Ng5 Qg6 20. Nxe4 Rxd3
21. Rxd3 Qxe4 22. Red1 Rd8 23. f3 Qxd3+ 24. Rxd3 Rxd3 25. Qa4 Rxe3 26. Kc1 Re1+
27. Kd2 Rb1 28. Qb3 Ne5 29. Ke2 Nbd3 30. Qc3 Rxb2+ 31. Ke3 Rxg2 32. Qd4 h5 33.
Qd8+ Kh7 34. Qxc7 Rg3 35. Qxb7 Rxf3+ 36. Kd4 Rxh3 37. Qe4+ g6 38. Kd5 Rh2 39.
a3 Rc2 40. Qh4 Rxc4 41. Qf6 h4 42. Qf1 Rc7 43. Qf6 h3 44. Ke4 h2 45. Qf1 Nf2+
46. Qxf2 f5+ 47. Kxe5 h1=Q 48. Qd4 Qe1+ 0-1

[Event "MCRE_KT14"]
[Site "?"]
[Date "2005.??.??"]
[Round "1"]
[White "Novak, Vaclav"]
[Black "Martinec, Jan"]
[Result "1-0"]
[WhiteElo "1977"]
[BlackElo "1738"]
[PlyCount "75"]
[EventDate "2005.??.??"]
[EventType "corr"]
[EventRounds "2"]
[SourceDate "2006.01.09"]

1. c4 Nf6 2. g3 e5 3. Bg2 g6 4. Nc3 Bg7 5. e3 O-O 6. Nge2 c6 7. d4 d6 8. O-O
Qb6 9. dxe5 dxe5 10. Qd6 Ne8 11. Qa3 Be6 12. b3 Nd7 13. e4 a5 14. Be3 Qb4 15.
Qxb4 axb4 16. Nd5 Bxd5 17. cxd5 c5 18. Bh3 Nef6 19. Nc1 Rfd8 20. f3 b6 21. Nd3
Ra7 22. Rfc1 Rda8 23. Rc2 Ra3 24. Nc1 h5 25. Rb1 R8a7 26. Rbb2 Ne8 27. Nd3 Ndf6
28. Rf2 Nxd5 29. exd5 e4 30. fxe4 Bxb2 31. Rxb2 Rxa2 32. Rxa2 Rxa2 33. e5 Ra1+
34. Nc1 Ra7 35. d6 f5 36. Bg2 Kh7 37. Bf4 Ng7 38. Bd5 1-0

[Event "MCRE_KT14"]
[Site "?"]
[Date "2005.??.??"]
[Round "2"]
[White "Martinec, Jan"]
[Black "Novak, Vaclav"]
[Result "0-1"]
[WhiteElo "1738"]
[BlackElo "1977"]
[PlyCount "70"]
[EventDate "2005.??.??"]
[EventType "corr"]
[EventRounds "2"]
[SourceDate "2006.01.09"]

1. e4 c5 2. Nc3 Nc6 3. f4 g6 4. Nf3 Bg7 5. Bb5 Nd4 6. a4 a6 7. Bc4 e6 8. e5 d5
9. exd6 Qxd6 10. d3 Nf6 11. O-O O-O 12. Ng5 Qc6 13. Nce4 Nxe4 14. Nxe4 b5 15.
Ba2 Bb7 16. Rf2 c4 17. Be3 Nf5 18. Bc5 Rfd8 19. g4 Bxb2 20. Rb1 Nh6 21. Qe2 Bg7
22. g5 Nf5 23. a5 Nd4 24. Qf1 Nxc2 25. Bxc4 bxc4 26. Rxc2 cxd3 27. Rc4 Rd4 28.
Nf6+ Bxf6 29. Bxd4 Qxc4 30. Bxf6 Qc5+ 31. Qf2 Qd5 32. Rxb7 Qxb7 33. Qd2 Qf3 34.
Ba1 Rc8 35. Qb2 Qd1+ 0-1

[Event "MCRE_KT14"]
[Site "?"]
[Date "2005.??.??"]
[Round "1"]
[White "Novak, Vaclav"]
[Black "Chlubna, Josef"]
[Result "1-0"]
[WhiteElo "1977"]
[BlackElo "1668"]
[PlyCount "41"]
[EventDate "2005.??.??"]
[EventType "corr"]
[EventRounds "2"]
[SourceDate "2006.01.09"]

1. e4 e5 2. Nf3 Nc6 3. Bc4 h6 4. d4 exd4 5. O-O Bc5 6. c3 dxc3 7. Bxf7+ Kxf7 8.
Qd5+ Ke8 9. Qh5+ Kf8 10. Qxc5+ Qe7 11. Qxe7+ Ngxe7 12. Nxc3 a6 13. Rd1 d6 14.
e5 dxe5 15. Nxe5 Be6 16. Bf4 g5 17. Nxc6 gxf4 18. Nxe7 Kxe7 19. Rd4 Rhf8 20.
Re1 Rad8 21. Nd5+ 1-0

[Event "MCRE_KT14"]
[Site "?"]
[Date "2005.??.??"]
[Round "2"]
[White "Chlubna, Josef"]
[Black "Novak, Vaclav"]
[Result "0-1"]
[WhiteElo "1668"]
[BlackElo "1977"]
[PlyCount "42"]
[EventDate "2005.??.??"]
[EventType "corr"]
[EventRounds "2"]
[SourceDate "2006.01.09"]

1. d4 d5 2. c4 dxc4 3. Qa4+ c6 4. Qxc4 Nf6 5. Nc3 Qa5 6. Bd2 Be6 7. Qd3 Nbd7 8.
e4 Qb6 9. Na4 Qc7 10. Nf3 Bg4 11. Be2 e5 12. dxe5 Nxe5 13. Nxe5 Qxe5 14. f3 Be6
15. Bc3 Qg5 16. O-O Rd8 17. Bd4 Qa5 18. b3 b5 19. Nb2 Qb4 20. Bc3 Qc5+ 21. Bd4
Rxd4 0-1

[Event "MCRE_KT14"]
[Site "?"]
[Date "2005.??.??"]
[Round "1"]
[White "Novak, Vaclav"]
[Black "Tunega, Frantisek"]
[Result "0-1"]
[WhiteElo "1977"]
[BlackElo "1600"]
[PlyCount "54"]
[EventDate "2005.??.??"]
[EventType "corr"]
[EventRounds "2"]
[SourceDate "2006.01.09"]

1. Nf3 d5 2. c4 d4 3. b4 c5 4. Bb2 Nf6 5. g3 a5 6. bxc5 Nc6 7. Qa4 Bd7 8. Ba3
e5 9. Bg2 e4 10. Ng5 d3 11. exd3 Nb4 12. Qb3 Nxd3+ 13. Ke2 Bc6 14. Qc3 Ng4 15.
Nxe4 Ndxf2 16. Nd6+ Bxd6 17. Bxc6+ bxc6 18. cxd6 O-O 19. Bb2 f6 20. Kf3 Nxh1
21. c5 Ngf2 22. Kg2 Qd7 23. Qf3 Qh3+ 24. Kg1 Rfe8 25. Nc3 Rab8 26. Qxc6 Re5 27.
Ba3 Nxg3 0-1

[Event "MCRE_KT14"]
[Site "?"]
[Date "2005.??.??"]
[Round "2"]
[White "Tunega, Frantisek"]
[Black "Novak, Vaclav"]
[Result "0-1"]
[WhiteElo "1600"]
[BlackElo "1977"]
[PlyCount "64"]
[EventDate "2005.??.??"]
[EventType "corr"]
[EventRounds "2"]
[SourceDate "2006.01.09"]

1. e4 c5 2. c3 Nf6 3. e5 Nd5 4. d4 cxd4 5. cxd4 d6 6. Nf3 Nc6 7. Bc4 Nb6 8. Bb5
dxe5 9. Nxe5 Bd7 10. Nxc6 Bxc6 11. Bxc6+ bxc6 12. Nc3 e6 13. O-O Be7 14. Bf4
O-O 15. Re1 Bb4 16. Qg4 Nc4 17. Bg5 Be7 18. Bxe7 Qxe7 19. b3 Nb6 20. Rad1 Rad8
21. Rd3 Nd5 22. Red1 Qb4 23. Na4 e5 24. a3 Qxa3 25. Rg3 g6 26. h3 f5 27. Qe2 e4
28. Nc5 Rfe8 29. Qc4 f4 30. Rg5 e3 31. fxe3 fxe3 32. Nb7 Qe7 0-1

[Event "MCRE_KT14"]
[Site "?"]
[Date "2005.??.??"]
[Round "1"]
[White "Kratochvil, Jan"]
[Black "Martinec, Jan"]
[Result "1/2-1/2"]
[WhiteElo "1841"]
[BlackElo "1738"]
[PlyCount "152"]
[EventDate "2005.??.??"]
[EventType "corr"]
[EventRounds "2"]
[SourceDate "2006.01.09"]

1. e4 c5 2. Nc3 Nc6 3. Nf3 d6 4. Bc4 Nf6 5. h3 e6 6. d3 Be7 7. O-O O-O 8. Bb3
a6 9. Bf4 b5 10. Qe2 Bb7 11. a3 Nd7 12. Rad1 Nd4 13. Nxd4 cxd4 14. Nb1 Nc5 15.
Ba2 Na4 16. b3 Nb6 17. c3 dxc3 18. Nxc3 Rc8 19. Rc1 d5 20. b4 d4 21. Nb1 Bg5
22. Rxc8 Nxc8 23. Bxg5 Qxg5 24. Nd2 Na7 25. Nb3 Nc6 26. Nc5 Qe7 27. Rc1 Ne5 28.
f4 Ng6 29. g3 Rd8 30. e5 Ba8 31. Qf2 Qc7 32. Kh2 Qc6 33. Bb3 Ne7 34. g4 Qb6 35.
f5 exf5 36. gxf5 Qh6 37. f6 gxf6 38. Rg1+ Kf8 39. Qxf6 Qxf6 40. exf6 Ng8 41.
Rg7 Bd5 42. Bxd5 Rxd5 43. Rxh7 Nxf6 44. Rh8+ Kg7 45. Ra8 Re5 46. Rxa6 Nd5 47.
Rd6 Nc3 48. Rxd4 Re2+ 49. Kg3 Ra2 50. Rg4+ Kf6 51. h4 Rxa3 52. h5 Ra1 53. Kg2
Ra2+ 54. Kf3 Rh2 55. Rf4+ Kg5 56. Rxf7 Rh3+ 57. Kg2 Rxh5 58. Ne6+ Kg6 59. Rd7
Kf6 60. Nf4 Rf5 61. Kf3 Kg5 62. Rg7+ Kf6 63. Rg6+ Ke5 64. Re6+ Kd4 65. Kg4 Rf7
66. Ra6 Ke3 67. Re6+ Kd4 68. Re1 Na2 69. Rf1 Rd7 70. Kf5 Nxb4 71. Rb1 Rf7+ 72.
Ke6 Rxf4 73. Rxb4+ Ke3 74. Rxf4 Kxf4 75. Kd5 b4 76. Kc4 Ke3 1/2-1/2

[Event "MCRE_KT14"]
[Site "?"]
[Date "2005.??.??"]
[Round "2"]
[White "Martinec, Jan"]
[Black "Kratochvil, Jan"]
[Result "1-0"]
[WhiteElo "1738"]
[BlackElo "1841"]
[PlyCount "95"]
[EventDate "2005.??.??"]
[EventType "corr"]
[EventRounds "2"]
[SourceDate "2006.01.09"]

1. d4 d5 2. c4 Nf6 3. cxd5 Nxd5 4. Nf3 g6 5. Nc3 Nxc3 6. bxc3 Bg7 7. Bb2 Nd7 8.
e3 Nf6 9. Bd3 Bg4 10. O-O O-O 11. h3 Bxf3 12. Qxf3 c6 13. Qe2 e6 14. f4 Nh5 15.
Qf2 Qa5 16. e4 Rad8 17. e5 Bh6 18. Qh4 c5 19. Be2 cxd4 20. cxd4 Qd2 21. Bxh5
Qxb2 22. Bxg6 Qxd4+ 23. Kh1 fxg6 24. Qxh6 Rf5 25. Qh4 Rxe5 26. Qxd8+ Qxd8 27.
fxe5 Qd5 28. Rad1 Qxa2 29. Rd7 b5 30. Rc1 Qa6 31. Kh2 b4 32. Rcc7 Qf1 33. Rd8+
Qf8 34. Rxf8+ Kxf8 35. Rxh7 a5 36. Ra7 Ke8 37. Rxa5 Kd7 38. Rb5 Kc6 39. Rxb4
Kd5 40. Rb5+ Ke4 41. Kg3 Kf5 42. Kf3 Kg5 43. Ke4 Kh4 44. Rb3 Kh5 45. Rb6 Kh6
46. Rxe6 Kg7 47. Kf4 Kf7 48. Rf6+ 1-0

[Event "MCRE_KT14"]
[Site "?"]
[Date "2005.??.??"]
[Round "1"]
[White "Kratochvil, Jan"]
[Black "Chlubna, Josef"]
[Result "1-0"]
[WhiteElo "1841"]
[BlackElo "1668"]
[PlyCount "53"]
[EventDate "2005.??.??"]
[EventType "corr"]
[EventRounds "2"]
[SourceDate "2006.01.09"]

1. e4 e5 2. Nf3 Nc6 3. Bb5 a6 4. Bxc6 dxc6 5. Nc3 Bg4 6. d3 h6 7. h3 Bxf3 8.
Qxf3 Bb4 9. Bd2 b5 10. Qg3 Bd6 11. Qxg7 Qf6 12. Qxf6 Nxf6 13. a4 Kd7 14. Rg1
Nh5 15. axb5 cxb5 16. Nd5 Bc5 17. Be3 Bd6 18. g4 Ng7 19. Ke2 a5 20. b3 Rhb8 21.
Bxh6 Ne6 22. Be3 c5 23. b4 a4 24. bxc5 Bxc5 25. c3 Bxe3 26. fxe3 Kc6 27. h4 1-0

[Event "MCRE_KT14"]
[Site "?"]
[Date "2005.??.??"]
[Round "2"]
[White "Chlubna, Josef"]
[Black "Kratochvil, Jan"]
[Result "0-1"]
[WhiteElo "1668"]
[BlackElo "1841"]
[PlyCount "54"]
[EventDate "2005.??.??"]
[EventType "corr"]
[EventRounds "2"]
[SourceDate "2006.01.09"]

1. d4 d5 2. Nc3 Nf6 3. e3 Nc6 4. Bb5 Bg4 5. Qd3 Bd7 6. Nf3 e6 7. h3 Bd6 8. O-O
O-O 9. Re1 a6 10. Ba4 Nb4 11. Qe2 Bxa4 12. Nxa4 Qd7 13. Nc3 Rad8 14. a3 Nc6 15.
Qd3 e5 16. dxe5 Nxe5 17. Nxe5 Bxe5 18. e4 Bxc3 19. bxc3 dxe4 20. Qg3 Ne8 21.
Rxe4 Qd1+ 22. Kh2 Qxc2 23. Re1 Rd3 24. Re3 Rd1 25. Bb2 Rxa1 26. Bxa1 Qc1 27.
Qe5 Qxa1 0-1

[Event "MCRE_KT14"]
[Site "?"]
[Date "2005.??.??"]
[Round "1"]
[White "Kratochvil, Jan"]
[Black "Tunega, Frantisek"]
[Result "0-1"]
[WhiteElo "1841"]
[BlackElo "1600"]
[PlyCount "104"]
[EventDate "2005.??.??"]
[EventType "corr"]
[EventRounds "2"]
[SourceDate "2006.01.09"]

1. e4 c5 2. Nc3 Nc6 3. Bb5 a6 4. Bxc6 bxc6 5. Nf3 d5 6. d3 Qd6 7. O-O Bg4 8. h3
Bh5 9. g4 Bg6 10. e5 Qc7 11. e6 Nf6 12. Ng5 h6 13. Nxf7 Bxf7 14. exf7+ Kxf7 15.
Qe2 e5 16. f4 e4 17. dxe4 Nxe4 18. Nxe4 Re8 19. Qxa6 Rxe4 20. Bd2 c4 21. Rae1
Bc5+ 22. Kg2 Rhe8 23. Rxe4 Rxe4 24. Re1 Qe7 25. Kf1 Qh4 26. Qb7+ Be7 27. Rxe4
Qxh3+ 28. Kf2 Qh2+ 29. Kf1 Qh1+ 30. Kf2 Qxe4 31. c3 Qc2 32. Ke1 Qb1+ 33. Ke2
Qd3+ 34. Kd1 Qf3+ 35. Kc1 Qxg4 36. Qxc6 Qe6 37. Qa8 h5 38. Qh8 Qf5 39. b4 cxb3
40. axb3 h4 41. Be3 h3 42. b4 Qg4 43. Qh7 Bf6 44. b5 Qg2 45. Qh5+ g6 46. Qh7+
Ke6 47. Qg8+ Kf5 48. Qc8+ Ke4 49. Qe6+ Kd3 50. Bf2 Qxf2 51. Qxh3+ Kc4 52. Qe6
Qf1+ 0-1

[Event "MCRE_KT14"]
[Site "?"]
[Date "2005.??.??"]
[Round "2"]
[White "Tunega, Frantisek"]
[Black "Kratochvil, Jan"]
[Result "1-0"]
[WhiteElo "1600"]
[BlackElo "1841"]
[PlyCount "95"]
[EventDate "2005.??.??"]
[EventType "corr"]
[EventRounds "2"]
[SourceDate "2006.01.09"]

1. e4 e5 2. Nf3 Nf6 3. d4 exd4 4. e5 Nd5 5. Qxd4 Nb6 6. Bd3 Nc6 7. Qe4 Be7 8.
O-O Nb4 9. a4 Nxd3 10. cxd3 d6 11. a5 d5 12. Qd4 c5 13. Qf4 Nd7 14. Nc3 Nf8 15.
Ng5 f6 16. exf6 gxf6 17. Nf3 Ng6 18. Qa4+ Bd7 19. Qd1 Be6 20. d4 O-O 21. dxc5
Bxc5 22. Be3 b6 23. Nd4 Bf7 24. Qg4 Kh8 25. Rfd1 Ne5 26. Qf4 bxa5 27. Rxa5 Bd6
28. Nf5 Bc7 29. Rc5 Bb6 30. Rb5 Be6 31. Bxb6 axb6 32. Nd4 Bf7 33. Nf5 Be6 34.
Ne3 d4 35. Rxd4 Ra1+ 36. Rd1 Rxd1+ 37. Ncxd1 Re8 38. Rxb6 Bf5 39. Ra6 Be6 40.
Nc3 Ng6 41. Qf3 f5 42. h3 Qb8 43. Qc6 Nf4 44. Rb6 Qd8 45. Rb7 Rg8 46. Ncd5 Nxd5
47. Qxe6 Nf6 48. Rb8 1-0

[Event "MCRE_KT14"]
[Site "?"]
[Date "2005.??.??"]
[Round "1"]
[White "Martinec, Jan"]
[Black "Chlubna, Josef"]
[Result "1-0"]
[WhiteElo "1738"]
[BlackElo "1668"]
[PlyCount "47"]
[EventDate "2005.??.??"]
[EventType "corr"]
[EventRounds "2"]
[SourceDate "2006.01.09"]

1. e4 e5 2. Nc3 Nf6 3. f4 d6 4. fxe5 dxe5 5. Nf3 Bd6 6. Bc4 h6 7. d3 a6 8. O-O
Bg4 9. Be3 b5 10. Bb3 c5 11. a4 b4 12. Nd5 Nbd7 13. h3 Be6 14. Nxf6+ Qxf6 15.
Ng5 Qg6 16. Nxe6 fxe6 17. c3 a5 18. Bc4 Ke7 19. Bb5 Rhf8 20. Qe2 Rxf1+ 21. Rxf1
Nf6 22. Qf2 Rf8 23. Bxc5 Nxe4 24. Qxf8# 1-0

[Event "MCRE_KT14"]
[Site "?"]
[Date "2005.??.??"]
[Round "2"]
[White "Chlubna, Josef"]
[Black "Martinec, Jan"]
[Result "0-1"]
[WhiteElo "1668"]
[BlackElo "1738"]
[PlyCount "58"]
[EventDate "2005.??.??"]
[EventType "corr"]
[EventRounds "2"]
[SourceDate "2006.01.09"]

1. d4 Nf6 2. Nc3 d5 3. Nf3 g6 4. e3 Bg4 5. h3 Bxf3 6. Qxf3 Bg7 7. Qe2 c6 8. b4
O-O 9. Bb2 a5 10. a3 axb4 11. axb4 Rxa1+ 12. Bxa1 Qb6 13. Na2 Qa7 14. c3 Nbd7
15. Qc2 Ra8 16. Bd3 Qxa2 17. Bb2 Qa7 18. Ke2 e5 19. Ra1 Qb8 20. Qb3 exd4 21.
cxd4 Rxa1 22. Bxa1 Qh2 23. Kf3 Ne4 24. Qc2 Ng5+ 25. Ke2 Qxg2 26. Qd1 Qf3+ 27.
Ke1 Qxh3 28. Bf1 Nf3+ 29. Ke2 Qg4 0-1

[Event "MCRE_KT14"]
[Site "?"]
[Date "2005.??.??"]
[Round "1"]
[White "Martinec, Jan"]
[Black "Tunega, Frantisek"]
[Result "0-1"]
[WhiteElo "1738"]
[BlackElo "1600"]
[PlyCount "70"]
[EventDate "2005.??.??"]
[EventType "corr"]
[EventRounds "2"]
[SourceDate "2006.01.09"]

1. e4 c5 2. Nf3 Nc6 3. d4 cxd4 4. Nxd4 Nf6 5. Nc3 e5 6. Ndb5 d6 7. Bg5 a6 8.
Na3 b5 9. Bxf6 gxf6 10. Nd5 f5 11. Bd3 Be6 12. Qh5 f4 13. O-O Rg8 14. g3 h6 15.
Qd1 Bh3 16. Re1 Nd4 17. Be2 Qh4 18. Qd3 Nxe2+ 19. Rxe2 Rc8 20. Nxb5 axb5 21.
Qxb5+ Bd7 22. Qd3 Be7 23. a4 Qh3 24. Rd2 Bg5 25. Rdd1 Bg4 26. Re1 f3 27. Qf1
Rxc2 28. Qxh3 Bxh3 29. b4 f5 30. b5 fxe4 31. Rxe4 Rc5 32. Nb4 Bf5 33. Ree1 Bd2
34. Na6 Bxe1 35. Nxc5 Bc3 0-1